000 02585nam a2200385 a 4500
001 000110073
003 CHAP
005 20251024135753.0
008 140721s2014 mx sm |||||||spa d
040 _cCHAP
090 _aTesis
100 1 _aVásquez Hernández, Isaí
_9127484
245 1 0 _aConsumo y calidad de la dieta de borregas en pastoreo como seguidoras de vacas lecheras
_cpor Isaí Vásquez Hernández; Ricardo D. Améndola Massiotti
264 1 _aChapingo, Méx. :
_bEl autor,
_c2014.
336 _2rdacontent
_atexto
_btxt
337 _2rdamedia
_acomputadora
_bc
338 _2rdacarrier
_arecurso en línea
_bcr
502 _aTesis (Ing. Agr. Esp. en Zootecnia) -- UACH. Departamento Zootecnia
520 _aEl objetivo fue estimar consumo y calidad de la dieta de borregas de cría pastoreando como seguidoras de vacas lecheras, en praderas de alfalfa-orchard. Se utilizaron 12 vacas Holstein Neozelandés en lactancia, y 24 borregas Pelibuey, seis potreros con praderas de dos y tres años. Bajo un diseño al azar con dos repeticiones por potrero se evaluaron dos tratamientos, pastoreo mixto y monoespecífico. En pastoreo mixto se utilizaron dos lotes de 12 borregas. Se estimó forraje ofrecido, residual, consumido, y grado de utilización de ambas especies y composición química y botánica de la dieta de borregas. Los datos se analizaron con el procedimiento GLM de SAS®. El sistema de pastoreo no afectó el grado de utilización y consumo de vacas (P>0.05). El consumo de borregas fue 32 % mayor en praderas de 2 años (P<0.04). La edad de la pradera no afectó (P>0.05) la composición química del forraje consumido por las borregas, aunque éstas consumieron forraje con alta proporción de tallos, la dieta contuvo 17.5 % PC y 2.15 Mcal EM kg MS-1. El pastoreo de vacas con borregas de cría como seguidoras en praderas de alfalfa-orchard resultó una alternativa que permitió alimentar con bajo costo las borregas.
590 _aBATCH-UPD
_b05
_c20141002
590 _aE5995AHE
_b05
_c20140721
590 _aE5995AHE
_b05
_c20140721
590 _aE5995AHE
_b05
_c20140721
590 _aE5995AHE
_b05
_c20140721
650 1 4 _aComposición botánica.
_9127485
650 1 4 _aDietas.
_932541
650 1 4 _aGanado lanar.
_945150
650 1 4 _aGanado lechero.
_945237
650 1 4 _aPastoreo.
_985984
700 _aAméndola Massiotti, Ricardo Daniel
_9162276
_edirector.
856 _uhttp://10.13.5.2/tesis/sist110073.pdf
_zDESCARGAR PDF
942 _cTD
_2Clasificación Universidad Autónoma Chapingo
999 _c106535
_d106535